| 000 | 00501nam a2200193Ia 4500 | ||
|---|---|---|---|
| 005 | 20250522104347.0 | ||
| 008 | 008 250516s9999 xx 000 0 eng d | ||
| 020 | _a9781108736961 | ||
| 040 |
_aSDCL _beng _cSDCL |
||
| 041 |
_aeng _2eng |
||
| 084 |
_aV2'L, R2 _qSDCL |
||
| 100 | _aChatterjee, Nandini | ||
| 245 | 0 | _aNegotiating mughal law : | |
| 260 |
_aNew Delhi: _bCambridge University Press, _c2022. |
||
| 300 | _axii,298p. | ||
| 365 |
_aINR _b1695 |
||
| 650 | _aHistory | ||
| 942 | _cTEXL | ||
| 999 |
_c1430074 _d1430074 |
||